| 000 | 01006nas a2200337 4500 | ||
|---|---|---|---|
| 001 | BR8007735 | ||
| 003 | BR-BrBNA | ||
| 005 | 20231205084445.0 | ||
| 007 | ta | ||
| 008 | 230509b bl.|||p| |||| 00| 00por d | ||
| 040 |
_aBR-BrBNA _bpor _cBiblioteca Nacional de Agricultura |
||
| 041 | _a(Pt) | ||
| 072 | _aH20 | ||
| 100 | 1 | _aAraujo, E. | |
| 100 | 1 | _aAlcantara, R. de L. | |
| 100 | 1 | _aSouza, F. de A.V. de | |
| 100 | 1 | _aAlmeida, F. de A.C. | |
| 100 | 1 | _aCarvalho, J.L. de | |
| 100 | 1 | _aLima, A.A. de | |
| 100 | 1 | _aLima, A.L. de | |
| 100 | 1 | _aMenezes Neto, J. | |
| 100 | 1 | _aPontes, V.A. | |
| 245 | 1 |
_aFungos associados a sementes de feijao obtidas em diferentes municipios da Paraiba [Phaseolus vulgaris] _bNota previa |
|
| 650 | _aFEIJAO | ||
| 650 | _aSEMENTE | ||
| 650 | _aFUNGO | ||
| 650 | _aPARAIBA | ||
| 773 | 0 |
_tRevista Brasileira de Sementes (Brazil) _xISSN 0101-3122 _g(1980), v. 2(2) p. 109-115 _wBR8007735 |
|
| 909 |
_a202311 _bLúcia _c55 _dLúcia Elande |
||
| 942 |
_2AGRIS _n0 _cANA |
||
| 999 |
_c105369 _d105369 |
||